Business expenditure : (Record no. 77530)
[ view plain ]
| 000 -LEADER | |
|---|---|
| fixed length control field | 00830nam a22002297a 4500 |
| 005 - DATE AND TIME OF LATEST TRANSACTION | |
| control field | 20130716120300.0 |
| 010 ## - LCCN (DPL NO) | |
| LC control number | ENG-107919-20 |
| 020 ## - INTERNATIONAL STANDARD BOOK NUMBER | |
| Terms of availability | 2695.00 (Set of 2 Vols) |
| International Standard Book Number | 9788180386473 (2 vols) |
| 035 ## - SYSTEM CONTROL NUMBER | |
| System control number | EN-91452-53 |
| 037 ## - SOURCE OF ACQUISITION | |
| Source of stock number/acquisition | DBAD/PUB |
| 082 ## - DEWEY DECIMAL CLASSIFICATION NUMBER | |
| Classification number | 343 |
| 100 ## - MAIN ENTRY--PERSONAL NAME | |
| Personal name | Pithisaria, M. K. |
| 245 00 - TITLE STATEMENT | |
| Title | Business expenditure : |
| Statement of responsibility, etc | by M.K. Pithisaria [and] Mukesh Pithisaria |
| Remainder of title | as amended by the Finance Act 2010 (14 of 2010) / |
| 250 ## - EDITION STATEMENT | |
| Edition statement | 2010 ed |
| 260 ## - PUBLICATION, DISTRIBUTION, ETC. (IMPRINT) | |
| Place of publication, distribution, etc | Gurgaon |
| Name of publisher, distributor, etc | Lexis Nexis |
| Date of publication, distribution, etc | 2010 |
| 270 ## - ADDRESS | |
| Address | 14th Floor, Bldg. No.10, Tower-B, DLF Cyber City, Phase-II |
| City | Gurgaon |
| Postal code | 122002 |
| 300 ## - PHYSICAL DESCRIPTION | |
| Extent | 2 Vols (vol.1,cccliv,1-1024), (vol.2,cccliv,1025-1817)p. |
| Dimensions | 24cm(Hb) |
| 490 ## - SERIES STATEMENT | |
| Series statement | Companion to Chaturvedi and Phthisaria's Income tax law |
| 500 ## - GENERAL NOTE | |
| General note | Includes index |
| 700 ## - ADDED ENTRY--PERSONAL NAME | |
| Personal name | Pithisaria, Mukesh |
| 942 ## - ADDED ENTRY ELEMENTS (KOHA) | |
| Source of classification or shelving scheme | Dewey Decimal Classification |
| Item type | English Books |
| Call number suffix | PIT |
| Withdrawn status | Lost status | Materials specified (bound volume or other part) | Not for loan | Collection code | Home library | Current library | Date acquired | Source of acquisition | Cost, normal purchase price | Full call number | Barcode | Copy number | Cost, replacement price | Koha item type |
|---|---|---|---|---|---|---|---|---|---|---|---|---|---|---|
| v.1 | Not For Loan | Non-fiction | D.B.Act.Division | D.B.Act.Division | 16/07/2013 | DBAD/PUB | 2695.00 | PIT | EN-91452 | 1 | 2695.00 | English Books | ||
| v.2 | Not For Loan | Non-fiction | D.B.Act.Division | D.B.Act.Division | 16/07/2013 | DBAD/PUB | 2695.00 | PIT | EN-91453 | 1 | 2695.00 | English Books |
